000 00754nam a22002537a 4500
003 CHAP
005 20220329134231.0
008 971013c19701956 r 00010 d
010 _a17374
011 _a18346
035 _a22431
040 _cCHAP
082 _a633.2
_bH8
100 0 0 _aHumphrey, Robert Regester.
_956895
245 _aArizona range grasses; their description, forage value and management
260 _aTucson :
_bUniversity of Arizona,
_c1970 (c.1956)
300 _a159 p.
_b: ilus.
590 _aBATCH-UPD
_b10
_c20130110
_lUCH01
_h1456
590 _aCONVERSION
_b10
_c20130109
_lUCH01
_h1311
650 1 4 _aPastos.
_985986
901 _aBK
942 _cLIBRO
949 _a633.2 H8
_bBC
_cLIBRO
_d33724000213542
_eLIBRO
_h15536
_i22431
_si
999 _c17374
_d17374